Film con maggiori incassi nel 2002 - Statistics

Statistiche generali
  • Questo quiz è stato fatto 4 volte
  • Il punteggio medio è 3 su 10
Statistiche sulle risposte
Incasso ($) Film % Corretto
787 979 634 Harry Potter e la Camera dei Segreti
75%
821 708 551 Spider-Man
75%
645 256 452 Star Wars: Episodio II - L'attacco dei cloni
50%
368 744 044 Il mio grosso grasso matrimonio greco
25%
936 689 735 Il Signore degli Anelli: Le due Torri
25%
383 257 136 L'Era Glaciale
25%
431 971 116 La morte può attendere
0%
441 818 803 Men in Black II
0%
358 372 926 Minority Report
0%
408 247 917 Signs
0%
Nessun quiz corrispondente trovato
Distribuzione punteggi
Percentuale di utenti per punteggio
Percentile per numero di risposta
I tuoi punteggi nel tempo
Non hai fatto questo quiz